| 000 | 00649nam a22001697a 4500 | ||
|---|---|---|---|
| 008 | 131018t mx||||| |||| 00| 0 spa d | ||
| 020 | _a9786077888222 | ||
| 050 | 0 | 4 |
_aKGF2202.P9 _bC67 2009 |
| 110 | 1 | _aMéxico. Comisión Nacional de los Derechos Humanos | |
| 245 | 1 | 4 |
_aLos problemas del derecho indígena en México / _cJosé Ramón Cossío Díaz, Comosión Nacional de los Derechos Humanos |
| 250 | _a2a ed. | ||
| 260 |
_aMéxico : _bComisión Nacional de los Derechos Humanos, _c2009 |
||
| 300 |
_a213 p. ; _c22 cm. |
||
| 650 | 7 |
_2Lemb _aIndígenas de México |
|
| 710 | 1 | _aMéxico. Comisión Nacional de los Derechos Humanos | |
| 942 |
_2ddc _cLIB |
||
| 999 |
_c43479 _d43479 |
||